Zeolit spája- Iran International Zeolite Conference 2th IIZC, 2010 Tehran April 29-30

Podrobná bibliografia
Hlavný autor: Chmielewská, Eva (Author)
Médium: Článok
Jazyk:Slovak
Témy:
Zdroj: 1. Mineralia slovaca 1. Roč. 42, č. 2 (2010) 1. 0369-2086
2. Príl.: 2. Geovestník 2. Č. 2 (2010), s. 263-264
LEADER 00943nab#a2200337#ar4500
001 000103435
003 SVKKK
005 20101222131825.0
008 080509c2010 xo |||||||||||||||b|slo
FMT
015 |a SNBRB2010/12 
038 |a SVKKK 
040 |a SVKKK  |b slo  |e AACR2 
041 0 |a slo  |b eng 
044 |a xo  |c SK 
080 |a 549.67  |2 1997 
080 |a 061.3  |2 1997 
100 1 |a Chmielewská, Eva  |4 aut 
245 1 0 |a Zeolit spája-  |b Iran International Zeolite Conference 2th IIZC, 2010 Tehran April 29-30  |c Eva Chmielewská 
300 |b Obr. 
546 |a Res. angl. 
611 2 4 |a Iran International Zeolite Conference  |n (2. :  |d 2010 :  |c Teherán, Irán) 
650 0 4 |a zeolity  |x konferencie  |x r. 2010 
773 0 |t Mineralia slovaca  |g Roč. 42, č. 2 (2010)  |x 0369-2086 
773 0 |i Príl.:  |t Geovestník  |g Č. 2 (2010), s. 263-264 
974 |a Ni 
992 |a RBX 
BAS
852 |a SVKKK  |b BIB 
EXP
998 |a GEO